000 00872nam a2200241 i 4500
003 DO-SdBNP
005 20240417110543.0
007 ta
008 240304s2023 dr 000 j spa d
040 _aDO-SdBNP
_bspa
_cBNPHU
_erda
082 _bM665
_222
110 _aRepública Dominicana
_bMinisterio de la Mujer
_956158
245 1 0 _aEucaristia solemne :
_ben ocasión del traslado al Panteón de la Patria de los restos mortales de Ana Emilia Abigail Mejía Soliére /
264 1 _aSanto Domingo :
_bMinisterio de la Mujer,
_c2023.
300 _a[12] páginas,
_c21 cm.
336 _2rdacontent
_atexto
_btxt
337 _2rdamedia
_asin mediación
_bn
338 _2rdacarrier
_avolumen
_bnc
500 _aBasílica Catedral Nuestra Señora de la Encarnación Primada de América.
590 _aInventariado, 2024/ YL
910 _aYLockward
942 _2ddc
_cLF2
999 _c56028
_d56028